000 00802cam a2200253 4500
001 2250733
003 ARRUPE
005 20160415123519.0
008 701120s1970 nbu b 001 0 eng
010 _a 77116531
020 _a0803207662
040 _aDLC
_cDLC
_dDLC
050 0 0 _aB945.H354
_bP4
082 0 0 _a191
100 1 _aPeters, Eugene H.
_q(Eugene Herbert),
_d1929-1983.
_923931
245 1 0 _aHartshorne and neoclassical metaphysics;
_ban interpretation
_c[by] Eugene H. Peters.
260 _aLincoln,
_bUniversity of Nebraska Press
_c[1970]
300 _ax, 141 p.
_c21 cm.
350 _a$5.00
504 _aIncludes bibliographical references.
600 1 0 _aHartshorne, Charles,
_d1897-2000.
_912828
906 _a7
_bcbc
_corignew
_d2
_encip
_f19
_gy-gencatlg
942 _2lcc
_cMONOGRAPH
999 _c124648
_d124648